00239nam a2200097Ia 4500008004100000082001900041100002100060245003000081260002200111300000800133150731s1994 xx 000 0 und d a615.53bK 94 S aSWAMINATHAN,C.R. aKANVASATA PATHA BRAHMARAM bVED PRAKASHc1994 a168